000178084 001__ 178084 000178084 005__ 20250425094046.0 000178084 0247_ $$2ISSN$$a0300-5860 000178084 0247_ $$2ISSN$$a1435-1285 000178084 0247_ $$2HSB$$aama15242 000178084 037__ $$aRWTH-CONV-055075 000178084 041__ $$aGerman 000178084 1001_ $$0P:(DE-82)120671$$aFehse, W.$$b0$$eAuthor 000178084 245__ $$aDopplerkardiographische Darstellung konstruktionsbedingter Regurgitationen an technischen Herzklappenprothesen$$hprint 000178084 260__ $$aDarmstadt$$bSteinkopff$$c1992 000178084 3367_ $$0PUB:(DE-HGF)16$$2PUB:(DE-HGF)$$aJournal Article$$bjournal$$mjournal 000178084 3367_ $$2DataCite$$aOutput Types/Journal article 000178084 3367_ $$00$$2EndNote$$aJournal Article 000178084 3367_ $$2BibTeX$$aARTICLE 000178084 3367_ $$2ORCID$$aJOURNAL_ARTICLE 000178084 3367_ $$2DRIVER$$aarticle 000178084 7001_ $$0P:(DE-82)030283$$aKöhler, J.$$b1$$eAuthor 000178084 7001_ $$0P:(DE-82)120672$$aKessel, D.$$b2$$eAuthor 000178084 7001_ $$0P:(DE-82)114271$$aRabahieh, R.$$b3$$eAuthor 000178084 7001_ $$0P:(DE-82)120673$$aHagendorf, A.$$b4$$eAuthor 000178084 7001_ $$0P:(DE-82)120674$$aStevens, K.$$b5$$eAuthor 000178084 7001_ $$0P:(DE-82)054011$$aNiedeggen, A.$$b6$$eAuthor 000178084 7001_ $$0P:(DE-82)114230$$aLüderitz, B.$$b7$$eAuthor 000178084 773__ $$0PERI:(DE-600)1463330-9$$tZeitschrift für Kardiologie$$v81$$x0300-5860 000178084 909CO $$ooai:publications.rwth-aachen.de:178084$$pVDB 000178084 9151_ $$0StatID:(DE-HGF)0031$$2StatID$$aPeer reviewed article 000178084 9201_ $$0I:(DE-82)415110_20140620$$k415110$$lLehrstuhl für Strömungslehre und Aerodynamisches Institut$$x0 000178084 961__ $$c2013-04-10$$x2011-03-24$$z2025-04-25 000178084 970__ $$aama15242 000178084 980__ $$ajournal 000178084 980__ $$aI:(DE-82)415110_20140620 000178084 980__ $$aVDB 000178084 980__ $$aUNRESTRICTED 000178084 980__ $$aConvertedRecord